000 00556cam a2200181 4500500
005 20260405002259.0
041 _afre
042 _adc
100 1 0 _aDroit, Roger-Pol
_eauthor
245 0 0 _aL’inhumanité dans l’homme
260 _c2016.
500 _a92
690 _aBarbarie
690 _aClaude Lévi-Strauss
690 _aRoger-Pol Droit
786 0 _nPhilosophie magazine | 103 | 10 | 2016-10-01 | p. 39-40 | 1951-1787
856 4 1 _uhttps://shs.cairn.info/magazine-philosophie-magazine-2016-10-page-39?lang=fr&redirect-ssocas=7080
999 _c2056203
_d2056204